|
|
|
|
| LEADER |
01183nam a2200241 a 4500 |
| 001 |
GR-MES1281 |
| 008 |
991111s1986 gr 000 0 gre d |
| 040 |
|
|
|a GrPaTEI
|b gre
|c GR-PaULI
|
| 245 |
0 |
0 |
|a Ανάλυση χρηματοοικονομικών καταστάσεων της επιχείρησης
|n 1ος.
|
| 250 |
|
|
|a 2η
|
| 260 |
|
|
|a Θεσσαλονίκη :
|b Παρατηρητής,
|c 1986
|
| 300 |
|
|
|a 594σελ. :
|b πιν.
|
| 504 |
|
|
|a Βιβλιογραφία:σελ.590-594
|
| 650 |
|
4 |
|a Επιχείρηση
|
| 650 |
|
4 |
|a Λογιστική
|
| 650 |
|
4 |
|a Οικονομία
|
| 700 |
1 |
|
|a Παπαδόπουλος, Δημήτριος Σ.
|
| 710 |
0 |
|
|a Παρατηρητής
|
| 942 |
|
|
|2 ddc
|
| 952 |
|
|
|0 0
|1 0
|2 ddc
|4 0
|6 658_152000000000000_ΠΑΠ
|7 0
|9 265314
|a MSLG
|b MSLG
|c BSC
|d 2021-01-17
|e 24
|f 0
|g 0.00
|l 0
|o 658.152 ΠΑΠ
|p 2420000002466
|r 2021-01-17 00:00:00
|t 1
|w 2021-01-17
|y BK15
|x 19991111 0 1
|x GrPaTEI
|
| 952 |
|
|
|0 0
|1 0
|2 ddc
|4 0
|6 658_152000000000000_ΠΑΠ
|7 0
|9 265315
|a MSLG
|b MSLG
|c BSC
|d 2021-01-17
|e 24
|f 0
|g 0.00
|l 0
|o 658.152 ΠΑΠ
|p 2420000002467
|r 2021-01-17 00:00:00
|t 1
|w 2021-01-17
|y BK15
|x 19991111 0 1
|x GrPaTEI
|
| 971 |
|
|
|a .b25723236
|b 15-04-20
|c 13-09-16
|
| 999 |
|
|
|c 152542
|d 152542
|